000 00448nam a2200181Ia 4500
003 OSt
005 20220826150123.0
008 210210b1910 xxu||||| |||| 00| 0 eng d
040 _cAL
041 _aeng
082 _a825/839
100 _aTHACKERAY (W M)
_955657
245 _aEnglish humorists of the 18th century
260 _aLondon
_bMacmillan & Co. Ltd
_c1910
690 _aEnglish Criticism
_955658
906 _a015154
942 _2ddc
_cBK
999 _c134472
_d134472